000
00321nam a22001457a 4500
008
221003b ||||| |||| 00| 0 eng d
020
_a
9780136035480
041
_a
eng
080
_a
610.73
082
_a
610.73
100
_a
6
101
_a
INF
245
_a
Nursing Basics for clinical
_c
BERMAN A
942
_2
udc
_c
BK
999
_c
58326
_d
58326